| 000 | 01498nam0a2200361 4500 | ||
|---|---|---|---|
| 001 | RU\NLR\bibl\182206 | ||
| 005 | 20250618063230.0 | ||
| 010 |
_a5-7473-0043-1 _91000 |
||
| 021 |
_aRU _b2001-19381 _9908 |
||
| 035 | _a(NLR Aleph) 000178867 | ||
| 090 |
_a1032285 _c1032285 |
||
| 100 | _a20010724d2000 |||y0rusy50 ca | ||
| 101 | 0 | _arus | |
| 102 | _aRU | ||
| 105 | _aa ||||||||| | ||
| 200 | 1 |
_aЭлектротехника. Трехфазные цепи _e[Конспект лекций] _fА. А. Сатаров, А. Н. Гадулин _gМПС России, Рос. гос. открытый техн. ун-т путей сообщ. |
|
| 210 |
_aМ. _cРГОТУПС _d2000 |
||
| 215 |
_a25 с. _cил. _d20 |
||
| 606 | 0 |
_aЭлектрические цепи трехфазного тока _jРуководства, пособия и т.п. для высшей школы _92218882 _3RU\NLR\auth\661332491 |
|
| 606 | 0 |
_aТрехфазные цепи _jУчебные издания для высшей школы _92218880 _3RU\NLR\auth\661332490 |
|
| 610 | 0 | _aЭлектрические цепи трехфазные | |
| 675 |
_a621.3.011(075.8) _v3 _zrus |
||
| 686 |
_a45.01 _2rugasnti |
||
| 686 |
_a31.211я73 _2rubbk |
||
| 686 | _aЗ211.611я73-2 | ||
| 700 | 1 |
_aСатаров _bА. А. _4070 |
|
| 701 | 1 |
_aГадулин _bА. Н. _4070 |
|
| 801 | 0 |
_aRU _bRKP _c20010724 _gPSBO |
|
| 801 | 1 |
_aRU _bRKP _c20010724 |
|
| 801 | 2 |
_aRU _bNLR _c20011008 _grcr |
|
| 942 | _cBOOK | ||
| 980 | _aNB | ||